Petit Bac #24 - Communes Allemandes - Statistiques

Statistiques générales
  • Ce quiz a été pris 596 fois
  • Le résultat moyen est 13 sur 20
Statistiques - réponses
1ère Lettre Commune (100.000+ hab.) % Correct
B Berlin / Brême / Bochum / Bielefeld / Bonn / Brunswick / Bottrop / Bremerhaven / Bergisch Gladbach
100%
M Munich / Münster / Mannheim / Mönchengladbach / Magdebourg / Mayence / Mülheim / Moers
96%
F Francfort-sur-le-Main / Fribourg-en-Brisgau / Fürth
94%
D Düsseldorf / Dortmund / Dresde / Duisbourg / Darmstadt
93%
H Hambourg / Hanovre / Halle / Hagen / Hamm / Heidelberg / Herne / Heilbronn / Hildesheim
92%
C Cologne / Chemnitz / Cassel / Coblence / Cottbus
87%
N Nuremberg / Neuss
76%
S Stuttgart / Sarrebruck / Solingen / Siegen / Salzgitter
76%
L Leipzig / Lübeck / Ludwigshafen / Leverkusen
75%
A Augsbourg / Aix-la-Chapelle
69%
E Essen / Erfurt / Erlangen
64%
K Karlsruhe / Kiel / Krefeld / Kaiserslautern
60%
W Wuppertal / Wiesbaden / Wurtzbourg / Wolfsbourg
54%
P Potsdam / Paderborn / Pforzheim
41%
U Ulm
41%
G Gelsenkirchen / Göttingen / Gera / Gütersloh
38%
I Ingolstadt / Iéna
34%
R Rostock / Ratisbonne / Recklinghausen / Reutlingen / Remscheid
34%
O Oberhausen / Oldenbourg / Osnabrück / Offenbach-sur-le-Main
23%
T Trèves
21%
Aucun quiz correspondant
Distribution des résultats
% des personnes avec chaque résultat
Percentile par nombre de réponses
Votre historique - résultats
Vous n’avez pas pris ce quiz